| 000 | 00561nam a2200181Ia 4500 | ||
|---|---|---|---|
| 008 | 100921s9999 xx 000 0 und d | ||
| 082 |
_b36932 _a891.463 न 03 |
||
| 100 | _aराजे शैलजा. | ||
| 245 | _aरिंगण. | ||
| 260 |
_bमनोरमा प्रकाशन,मुंबई. _c2003 |
||
| 300 |
_a148 _bजयेश एजन्सी,पुणे. |
||
| 365 | _b250 | ||
| 520 | _aललित-कथा. | ||
| 630 | _aरिंगण. | ||
| 650 | _aललित-कथा. | ||
| 730 | _aरिंगण. | ||
| 942 | _cBOOK | ||
| 999 |
_c786045 _d786042 |
||